Salud ocupacional en el sector bananero nacional /

Estudio sobre salud ocupacional en el sector bananero nacional, en Costa Rica. Estudia los antecedentes generales referentes a la actividad bananera. Analiza el sector bananero nacional asociado y su importancia en la estructura económica del país. Describe algunas condiciones de la región (Atlántic...

पूर्ण विवरण

में बचाया:
ग्रंथसूची विवरण
मुख्य लेखक: Bolaños, Rafael
निगमित लेखकों: CSUCA. Programa Centroamericano de Ciencias de la Salud, INS
स्वरूप: मूलपाठ
प्रकाशित: San José: CSUCA
विषय:
टैग: टैग जोड़ें
कोई टैग नहीं, इस रिकॉर्ड को टैग करने वाले पहले व्यक्ति बनें!

MARC

LEADER 00000 a a2200000 04500
001 20026
003
040
090 |a 081900  
100 |a Bolaños, Rafael  
110 |a CSUCA. Programa Centroamericano de Ciencias de la Salud  
245 |a Salud ocupacional en el sector bananero nacional /  |c CSUCA. Programa Centroamericano de Ciencias de la Salud  
260 |a San José:   |b CSUCA  
300 |a 105 p.  
520 |a Estudio sobre salud ocupacional en el sector bananero nacional, en Costa Rica. Estudia los antecedentes generales referentes a la actividad bananera. Analiza el sector bananero nacional asociado y su importancia en la estructura económica del país. Describe algunas condiciones de la región (Atlántica) en la que está inmerso el obrero y su familia. Presenta indicadores vitales y socio-laborales de los trabajadores bananeros: sexo, edad, estado civil, residencia, accidentes según edad enfermedades, ocurrencia y causa de los accidentes, y otros. Describe el tipo de atención que recibe el trabajador por los organismos del Estado. /ACM  
650 |a COSTA RICA  
650 |a SALUD  
650 |a ACCIDENTES DE TRABAJO  
650 |a BANANOS  
650 |a TRABAJADORES AGRICOLAS  
650 |a SALUD OCUPACIONAL  
650 |a PUB. CSUCA  
710 |a INS  
999 |c 15823  |d 15823